00505nam a2200193 a 4500001001300000003000900013005001700022008004100039020002300080082001800103100001200121245003900133260006000172300000800232500003500240505001000275650001400285700001200299nice12345678IN_TiNIC20260116013817.0050524s1987 agra grp 000 0 eng  a8185105 c24000a709.054bNAT1 aNath, R aIndologica Jaipurensia Vol.1, 1987 aAgra bHistorical Research Documentation Program c1987 a190 aincludes index and biblioraphy2 aNotes aArt-Hindu1 aNath, R